[Event "Wch U18"]
[Site "Kemer"]
[Date "2007.11.24"]
[Round "7"]
[White "Bakos, Balazs"]
[Black "Sai, Srinivas"]
[Result "1-0"]
[WhiteElo "2401"]
[BlackElo "2302"]
[PlyCount "51"]
[EventDate "2007.11.18"]
[EventType "swiss"]
[EventRounds "11"]
[EventCountry "TUR"]
[SourceTitle "CBM 121 Extra"]
[Source "ChessBase"]
[SourceDate "2008.01.10"]
[SourceVersion "1"]
[SourceVersionDate "2008.01.10"]
[SourceQuality "1"]

1. d4 d5 2. c4 c6 3. Nc3 Nf6 4. Nf3 e6 5. Bg5 h6 6. Bh4 dxc4 7. e4 g5 8. Bg3 b5 9. Be2 Bb7 10. h4 g4 11. Ne5 h5 12. 0-0 Nbd7 13. Qc2 Nxe5 14. Bxe5 Rg8 15. Rad1 Nd7 16. Bg3 Qf6 17. d5 Bc5 18. b3 Bb4 19. dxe6 Qxe6 20. bxc4 a6 21. e5 Nxe5 22. Ne4 Be7 23. Rfe1 Kf8 24. Bf1 f6 25. Ng5 fxg5 26. Qe4 1-0

[Event "Wch U18"]
[Site "Kemer"]
[Date "2007.11.21"]
[Round "4"]
[White "Sai, Srinivas"]
[Black "Catelli, Hernan"]
[Result "1-0"]
[WhiteElo "2302"]
[BlackElo "2168"]
[PlyCount "47"]
[EventDate "2007.11.18"]
[EventType "swiss"]
[EventRounds "11"]
[EventCountry "TUR"]
[SourceTitle "CBM 121 Extra"]
[Source "ChessBase"]
[SourceDate "2008.01.10"]
[SourceVersion "1"]
[SourceVersionDate "2008.01.10"]
[SourceQuality "1"]

1. e4 e6 2. d4 d5 3. Nc3 Nf6 4. e5 Nfd7 5. f4 c5 6. Nf3 Nc6 7. Be3 cxd4 8. Nxd4 Bc5 9. Qd2 Nxd4 10. Bxd4 Bxd4 11. Qxd4 Qb6 12. Qd2 Nc5 13. 0-0-0 Bd7 14. Qd4 a6 15. h4 0-0-0 16. Rh3 Kb8 17. Rf3 g6 18. h5 Rc8 19. Rh3 Qa5 20. b4 Qa3+ 21. Kd2 b6 22. bxc5 bxc5 23. Rb1+ Ka8 24. Nxd5 1-0

[Event "Asia-ch U18"]
[Site "Tashkent"]
[Date "2007.07.06"]
[Round "8"]
[White "Sai, Srinivas"]
[Black "Avliyakulov, Mirzoolim"]
[Result "1-0"]
[WhiteElo "2321"]
[BlackElo "2141"]
[PlyCount "111"]
[EventDate "2007.06.28"]
[EventType "swiss"]
[EventRounds "9"]
[EventCountry "UZB"]
[SourceTitle "CBM 119 Extra"]
[Source "ChessBase"]
[SourceDate "2007.09.04"]
[SourceVersion "1"]
[SourceVersionDate "2007.09.04"]
[SourceQuality "1"]

1. e4 c5 2. Nf3 d6 3. d4 cxd4 4. Nxd4 Nf6 5. f3 e5 6. Nb3 d5 7. Bg5 Be6 8. Bxf6 gxf6 9. exd5 Qxd5 10. Qxd5 Bxd5 11. Nc3 Bb4 12. 0-0-0 Bxb3 13. axb3 Bxc3 14. bxc3 Ke7 15. Bd3 Nc6 16. Bf5 Rad8 17. Rxd8 Nxd8 18. Bc8 Kd6 19. Kd2 Kc7 20. Bf5 h6 21. Ke3 Ne6 22. Ra1 a6 23. Ra4 Nf4 24. g3 Nd5+ 25. Kd2 Ne7 26. Bd3 f5 27. Rc4+ Kd6 28. Rh4 Ke6 29. Rb4 b5 30. Rh4 Kf6 31. Ke2 Kg5 32. f4+ Kf6 33. fxe5+ Kxe5 34. Kd2 Ke6 35. Rh5 f6 36. b4 Ke5 37. c4 bxc4 38. Bxc4 Rd8+ 39. Bd3 Ke6 40. c4 Nc6 41. Kc3 Rb8 42. Bxf5+ Ke7 43. Rxh6 Nxb4 44. c5 Na2+ 45. Kd4 Rb4+ 46. Kd5 Nc3+ 47. Kc6 Ne2 48. Rh7+ Kf8 49. Kd6 Nd4 50. Bd3 a5 51. c6 Nxc6 52. Kxc6 a4 53. Bf5 Rb2 54. h4 Rb3 55. g4 a3 56. Ra7 1-0

[Event "Asia-ch U20"]
[Site "New Delhi"]
[Date "2006.11.10"]
[Round "4.17"]
[White "Suraj, Choudhary"]
[Black "Sai, Srinivas"]
[Result "0-1"]
[WhiteElo "1905"]
[BlackElo "2333"]
[PlyCount "54"]
[EventDate "2006.11.07"]
[EventType "swiss"]
[EventRounds "9"]
[EventCountry "IND"]
[SourceTitle "CBM 115 Extra"]
[Source "ChessBase"]
[SourceDate "2007.01.10"]
[SourceVersion "1"]
[SourceVersionDate "2007.01.10"]
[SourceQuality "1"]

1. d4 Nf6 2. Nf3 g6 3. g3 Bg7 4. Bg2 0-0 5. 0-0 d5 6. c4 dxc4 7. Na3 Nc6 8. Nxc4 Be6 9. Nce5 Bd5 10. Nxc6 Bxc6 11. b3 a5 12. Ba3 a4 13. b4 Bd5 14. Ne5 Bxg2 15. Kxg2 Qd5+ 16. Kg1 Rfd8 17. e3 Ne4 18. Nd3 e5 19. Nxe5 Bxe5 20. dxe5 Nd2 21. f4 Nxf1 22. Qxd5 Rxd5 23. Kxf1 Rd3 24. Bc1 Rd1+ 25. Ke2 Rad8 26. Kf3 Rf1+ 27. Ke4 Rdd1 0-1

[Event "Olympiad U16 11th"]
[Site "Acri"]
[Date "2006.08.08"]
[Round "4"]
[White "Sai, Srinivas"]
[Black "Fodor, Tamas Jr"]
[Result "1-0"]
[WhiteElo "2327"]
[BlackElo "2429"]
[PlyCount "155"]
[EventDate "2006.08.06"]
[EventType "team"]
[EventRounds "10"]
[EventCountry "TUR"]
[SourceTitle "EXT 2007"]
[Source "ChessBase"]
[SourceDate "2006.11.23"]
[SourceVersion "1"]
[SourceVersionDate "2006.11.23"]
[SourceQuality "1"]
[WhiteTeam "India"]
[BlackTeam "Hungary"]
[WhiteTeamCountry "IND"]
[BlackTeamCountry "HUN"]

1. e4 e5 2. Nf3 Nc6 3. Bb5 Nf6 4. 0-0 Nxe4 5. Re1 Nd6 6. Nxe5 Be7 7. Bd3 Nxe5 8. Rxe5 0-0 9. Nc3 Bf6 10. Re1 b6 11. Ne4 Nxe4 12. Bxe4 c6 13. d4 d5 14. Bd3 Bxd4 15. Bxh7+ Kxh7 16. Qxd4 Bf5 17. c3 Re8 18. Bd2 Qd7 19. h4 Re4 20. Rxe4 dxe4 21. Qxd7 Bxd7 22. Be3 Be6 23. a4 c5 24. a5 Rc8 25. Kh2 Bc4 26. Kg3 Bd3 27. Kf4 f6 28. axb6 axb6 29. Ra7 Re8 30. Rb7 Re6 31. h5 Ba6 32. Ra7 Bc4 33. Rb7 Ba6 34. Rb8 Bc4 35. g4 Be2 36. Rb7 Bc4 37. Rc7 Bb3 38. Kg3 Kh8 39. h6 g5 40. Rb7 Kg8 41. Kg2 Kh8 42. Kf1 Kg8 43. Ke1 Kh8 44. Bxc5 bxc5 45. Rxb3 Kh7 46. Ke2 Kxh6 47. Rb5 Rc6 48. Ke3 Kg6 49. Kxe4 Re6+ 50. Kd3 Rd6+ 51. Ke2 Re6+ 52. Kf3 Rc6 53. c4 Kf7 54. Ke4 Ke6 55. b4 cxb4 56. Rxb4 Kd6 57. Kd4 Kc7 58. Rb5 Re6 59. Rc5+ Kb6 60. Rf5 Kc6 61. c5 Kd7 62. Rf3 Ra6 63. Kd5 Re6 64. Re3 Ra6 65. f3 Ra4 66. c6+ Kd8 67. Ke6 Rf4 68. Rd3+ Kc7 69. Rc3 Kd8 70. c7+ Kc8 71. Kd6 f5 72. Rb3 Rd4+ 73. Ke5 Rf4 74. gxf5 Kxc7 75. Rd3 Kc6 76. f6 Kc7 77. Ke6 g4 78. Ke5 1-0

[Event "Dubai op 08th"]
[Site "Dubai"]
[Date "2006.04.29"]
[Round "7"]
[White "Simonenko, Sergei"]
[Black "Sai, Srinivas"]
[Result "1/2-1/2"]
[WhiteElo "2409"]
[BlackElo "2309"]
[PlyCount "58"]
[EventDate "2006.04.23"]
[EventType "swiss"]
[EventRounds "9"]
[EventCountry "UAE"]
[SourceTitle "EXT 2007"]
[Source "ChessBase"]
[SourceDate "2006.11.23"]
[SourceVersion "1"]
[SourceVersionDate "2006.11.23"]
[SourceQuality "1"]

1. d4 Nf6 2. Nf3 g6 3. Nbd2 d5 4. e3 Bg7 5. b4 0-0 6. c4 dxc4 7. Bxc4 b6 8. 0-0 Bb7 9. a4 c5 10. bxc5 bxc5 11. Rb1 Bd5 12. dxc5 Bxc4 13. Nxc4 Qxd1 14. Rxd1 Ne4 15. Bb2 Bxb2 16. Rxb2 Nxc5 17. a5 Nc6 18. Nfe5 Rfd8 19. Rdb1 Nxe5 20. Nxe5 Nd3 21. Nxd3 Rxd3 22. Rb7 e6 23. g4 Ra3 24. R1b5 a6 25. Rc5 Ra2 26. Kg2 Rd8 27. Rcc7 Rf8 28. Rc5 Rd8 29. Rcc7 Rf8 1/2-1/2

[Event "Dubai op 08th"]
[Site "Dubai"]
[Date "2006.04.28"]
[Round "6"]
[White "Sai, Srinivas"]
[Black "Doostkam, Pooyan"]
[Result "1-0"]
[WhiteElo "2309"]
[BlackElo "2188"]
[PlyCount "105"]
[EventDate "2006.04.23"]
[EventType "swiss"]
[EventRounds "9"]
[EventCountry "UAE"]
[SourceTitle "EXT 2007"]
[Source "ChessBase"]
[SourceDate "2006.11.23"]
[SourceVersion "1"]
[SourceVersionDate "2006.11.23"]
[SourceQuality "1"]

1. Nf3 d5 2. c4 e6 3. g3 Nf6 4. b3 Be7 5. Bb2 0-0 6. Bg2 a5 7. Nc3 c6 8. 0-0 Nbd7 9. d3 b6 10. Qc2 Bb7 11. e4 dxe4 12. dxe4 e5 13. Nd1 Qc7 14. Ne3 Rfe8 15. a3 Bf8 16. Bc3 Nc5 17. Nh4 Ne6 18. Nf3 Nc5 19. Nd2 Rad8 20. Rfd1 Ne6 21. Nf3 Rxd1+ 22. Rxd1 Nd7 23. Qb2 f6 24. b4 axb4 25. axb4 c5 26. Nd5 Bxd5 27. cxd5 Nd4 28. Qa2 Bd6 29. bxc5 bxc5 30. Rc1 Qb7 31. Rb1 Qa8 32. Qc4 Rb8 33. Rxb8+ Qxb8 34. Nd2 Qb7 35. Bf1 Nb6 36. Qa6 Qxa6 37. Bxa6 Kf8 38. Ba5 Nd7 39. Nc4 Ke7 40. Kg2 g6 41. Bc8 f5 42. Bd2 Bb8 43. Bg5+ Ke8 44. f3 Nb5 45. Kf2 Bc7 46. Bxd7+ Kxd7 47. Bf6 fxe4 48. fxe4 Nc3 49. Kf3 Nb1 50. Bxe5 Bxe5 51. Nxe5+ Ke7 52. Nc4 Nc3 53. Kf4 1-0

[Event "Asia-ch U16"]
[Site "Bishkek"]
[Date "2006.??.??"]
[Round "2"]
[White "Sai, Srinivas"]
[Black "Kassimov, Baurzhan"]
[Result "1-0"]
[WhiteElo "2327"]
[BlackElo "2148"]
[PlyCount "51"]
[EventDate "2006.09.02"]
[EventType "swiss"]
[EventRounds "9"]
[EventCountry "KGZ"]
[SourceTitle "EXT 2007"]
[Source "ChessBase"]
[SourceDate "2006.11.23"]
[SourceVersion "1"]
[SourceVersionDate "2006.11.23"]
[SourceQuality "1"]

1. e4 c5 2. Nf3 d6 3. d4 cxd4 4. Nxd4 Nf6 5. f3 g6 6. c4 Bg7 7. Nc3 0-0 8. Be3 Nc6 9. Qd2 Be6 10. Be2 Rc8 11. Nxe6 fxe6 12. f4 Na5 13. c5 dxc5 14. e5 Nd5 15. Bg4 Rc6 16. Bxe6+ Rxe6 17. Qxd5 Qxd5 18. Nxd5 Bxe5 19. fxe5 Rxe5 20. 0-0-0 e6 21. Bxc5 exd5 22. Bxf8 Kxf8 23. Rhf1+ Kg7 24. Rde1 Nc6 25. Rxe5 Nxe5 26. Rd1 1-0

[Event "Asia-ch 5th"]
[Site "Hyderabad"]
[Date "2005.10.15"]
[Round "9"]
[White "Sai, Srinivas"]
[Black "Lukey, Stephen G"]
[Result "1-0"]
[WhiteElo "2304"]
[BlackElo "2286"]
[PlyCount "91"]
[EventDate "2005.10.05"]
[EventType "swiss"]
[EventRounds "9"]
[EventCountry "IND"]
[SourceTitle "CBM 110"]
[Source "ChessBase"]
[SourceDate "2006.01.31"]
[SourceVersion "1"]
[SourceVersionDate "2006.01.31"]
[SourceQuality "1"]

1. e4 c5 2. Nf3 Nc6 3. d4 cxd4 4. Nxd4 Nf6 5. Nc3 e5 6. Ndb5 d6 7. Nd5 Nxd5 8. exd5 Nb8 9. c4 a6 10. Nc3 Be7 11. Be2 0-0 12. 0-0 f5 13. f4 Nd7 14. Kh1 Bf6 15. Qc2 exf4 16. Bxf4 Ne5 17. Be3 Qe7 18. Bd4 Ng6 19. Bxf6 Rxf6 20. Qd2 Bd7 21. Rad1 Rc8 22. b4 Ne5 23. c5 Rh6 24. c6 bxc6 25. Bxa6 Ng4 26. h3 Qe5 27. Qf4 Qxc3 28. Bxc8 Bxc8 29. Rc1 Qd3 30. dxc6 Ne5 31. c7 Rf6 32. Rfd1 Qb5 33. a4 Qxa4 34. Ra1 Qc6 35. Rdc1 Qb7 36. Qd4 f4 37. Ra7 Qb5 38. Rca1 Qd7 39. Qd5+ Kh8 40. b5 f3 41. b6 f2 42. Rf1 Rf8 43. b7 Qxc7 44. b8Q Qc3 45. Qbxd6 Re8 46. Q6xe5 1-0

[Event "Asia-ch 5th"]
[Site "Hyderabad"]
[Date "2005.10.08"]
[Round "3"]
[White "Roktim, Bandyopadhyay"]
[Black "Sai, Srinivas"]
[Result "1-0"]
[WhiteElo "2380"]
[BlackElo "2304"]
[PlyCount "99"]
[EventDate "2005.10.05"]
[EventType "swiss"]
[EventRounds "9"]
[EventCountry "IND"]
[SourceTitle "CBM 110"]
[Source "ChessBase"]
[SourceDate "2006.01.31"]
[SourceVersion "1"]
[SourceVersionDate "2006.01.31"]
[SourceQuality "1"]

1. d4 Nf6 2. Nf3 g6 3. c4 Bg7 4. g3 0-0 5. Bg2 d5 6. cxd5 Nxd5 7. 0-0 Nb6 8. Nc3 Nc6 9. e3 e5 10. d5 Ne7 11. e4 Bd7 12. b3 h6 13. Re1 a6 14. a4 Nbc8 15. Ba3 Nd6 16. Rc1 Re8 17. Nd2 f5 18. Nc4 Nec8 19. exf5 gxf5 20. Nb2 Nf7 21. f3 Ncd6 22. Bc5 Kh8 23. Bf2 Bf6 24. Nd3 Bc8 25. f4 e4 26. Nc5 c6 27. dxc6 bxc6 28. Be3 Bg7 29. Ne2 Qe7 30. Nd4 Nd8 31. Qh5 Qf7 32. Qxf7 N6xf7 33. Red1 h5 34. Ne2 Ne6 35. Nxe6 Bxe6 36. Nd4 Bxd4 37. Bxd4+ Kh7 38. Rxc6 Bxb3 39. Rb1 Reb8 40. Bh3 Nh6 41. Rc7+ Kg8 42. Ba7 Rb4 43. Bf1 Nf7 44. Bc4 Rbb8 45. Rxb3 Rxb3 46. Bc5 Rb1+ 47. Kg2 Rd8 48. Bxf7+ Kh8 49. Kh3 Rb2 50. Be7 1-0

[Event "Wch U16"]
[Site "Belfort"]
[Date "2005.07.26"]
[Round "8"]
[White "Maenhout, Thibaut"]
[Black "Sai, Srinivas"]
[Result "0-1"]
[WhiteElo "2150"]
[BlackElo "2360"]
[PlyCount "110"]
[EventDate "2005.07.19"]
[EventType "swiss"]
[EventRounds "11"]
[EventCountry "FRA"]
[SourceTitle "CBM 107 Extra"]
[Source "ChessBase"]
[SourceDate "2005.09.01"]
[SourceVersion "1"]
[SourceVersionDate "2005.09.01"]
[SourceQuality "1"]

1. e4 c5 2. Nf3 d6 3. d4 cxd4 4. Nxd4 Nf6 5. Nc3 Nc6 6. Bc4 Qb6 7. Nb3 e6 8. 0-0 Be7 9. Be3 Qc7 10. Bd3 a6 11. a4 b6 12. f4 Bb7 13. Qf3 0-0 14. Rae1 Nb4 15. Qh3 Nxd3 16. cxd3 e5 17. Rc1 Qd8 18. Qf3 Rb8 19. Rfd1 exf4 20. Bxf4 Rc8 21. Nd4 Qd7 22. Kh1 d5 23. Nf5 dxe4 24. Qh3 e3 25. Nxe7+ Qxe7 26. Qxe3 Qb4 27. Bg5 Qxb2 28. Qe2 Qxe2 29. Nxe2 Ng4 30. Kg1 h6 31. Bf4 g5 32. Bd2 Bc6 33. a5 bxa5 34. Nd4 Bd5 35. Nf5 Kh7 36. Bxa5 Rxc1 37. Rxc1 Rb8 38. h3 Nf6 39. Ne3 Ba8 40. Rf1 Kg6 41. Nc4 Re8 42. Bc3 Nd7 43. Rf2 Re6 44. g4 f6 45. Ra2 Nc5 46. Rd2 Bd5 47. Bb4 Nb3 48. Rb2 Nd4 49. Kf2 Rc6 50. Ke3 Ne6 51. Na5 Rc1 52. Bd6 Re1+ 53. Kf2 Rh1 54. Kg3 Nd4 55. Rb6 Rf1 0-1

[Event "Wch U16"]
[Site "Belfort"]
[Date "2005.07.22"]
[Round "4"]
[White "Aghayev, Nijat"]
[Black "Sai, Srinivas"]
[Result "1/2-1/2"]
[WhiteElo "2183"]
[BlackElo "2360"]
[PlyCount "58"]
[EventDate "2005.07.19"]
[EventType "swiss"]
[EventRounds "11"]
[EventCountry "FRA"]
[SourceTitle "CBM 107 Extra"]
[Source "ChessBase"]
[SourceDate "2005.09.01"]
[SourceVersion "1"]
[SourceVersionDate "2005.09.01"]
[SourceQuality "1"]

1. Nf3 Nf6 2. c4 g6 3. b3 Bg7 4. Bb2 0-0 5. g3 d5 6. cxd5 Nxd5 7. Bxg7 Kxg7 8. Bg2 c5 9. 0-0 Nc6 10. Qc1 Qd6 11. Nc3 Nxc3 12. Qxc3+ Kg8 13. Rac1 b6 14. d4 Nxd4 15. Nxd4 cxd4 16. Qc7 Rb8 17. Qxd6 exd6 18. Rfd1 Ba6 19. Rxd4 Bxe2 20. Rxd6 Rbc8 21. Re1 Rc2 22. a4 Rfc8 23. h4 R8c7 24. Be4 Rb2 25. Bd3 Bxd3 26. Rxd3 Kg7 27. Kg2 a6 28. Ree3 Rc5 29. Rf3 Rc7 1/2-1/2

[Event "Wch U16"]
[Site "Belfort"]
[Date "2005.07.20"]
[Round "2"]
[White "L'Huillier, Thibaud"]
[Black "Sai, Srinivas"]
[Result "1-0"]
[WhiteElo "2168"]
[BlackElo "2360"]
[PlyCount "111"]
[EventDate "2005.07.19"]
[EventType "swiss"]
[EventRounds "11"]
[EventCountry "FRA"]
[SourceTitle "CBM 107 Extra"]
[Source "ChessBase"]
[SourceDate "2005.09.01"]
[SourceVersion "1"]
[SourceVersionDate "2005.09.01"]
[SourceQuality "1"]

1. d4 Nf6 2. c4 g6 3. Nc3 d5 4. cxd5 Nxd5 5. e4 Nxc3 6. bxc3 Bg7 7. Nf3 c5 8. Be3 Qa5 9. Qd2 Nc6 10. Rc1 cxd4 11. cxd4 Qxd2+ 12. Kxd2 0-0 13. Ke1 Rd8 14. d5 Na5 15. Bf4 Bd7 16. Bd3 Rdc8 17. Ke2 Bb2 18. Rc7 Rxc7 19. Bxc7 b6 20. Ba6 Bc8 21. Bb5 Bb7 22. Bd7 Ba6+ 23. Kd2 Nc4+ 24. Kc2 Bg7 25. e5 Na3+ 26. Kb3 Nc4 27. Rc1 Na5+ 28. Kb4 Bb7 29. Rd1 Ba6 30. Rc1 Bh6 31. Rc3 Bf1 32. g3 Ba6 33. g4 Bb7 34. g5 Bf8 35. Rd3 Ba6 36. Bb5 Bb7 37. Bd7 Ba6 38. Bb5 Bb7 39. Bd7 e6+ 40. d6 Be4 41. Re3 Bd5 42. Nd4 Nc4 43. Re2 Na5 44. Rc2 Be4 45. Rc3 Bd5 46. Nc6 Nxc6+ 47. Bxc6 Bxc6 48. Rxc6 Bg7 49. f4 Kf8 50. d7 Ke7 51. Rd6 Rd8 52. Bxd8+ Kxd8 53. Kb5 Bf8 54. Rd3 Bc5 55. Kc6 Bg1 56. Rh3 1-0

[Event "Wch U16"]
[Site "Belfort"]
[Date "2005.07.19"]
[Round "1"]
[White "Sai, Srinivas"]
[Black "Trang, Jean Pierre"]
[Result "1-0"]
[WhiteElo "2360"]
[BlackElo "2057"]
[PlyCount "127"]
[EventDate "2005.07.19"]
[EventType "swiss"]
[EventRounds "11"]
[EventCountry "FRA"]
[SourceTitle "CBM 107 Extra"]
[Source "ChessBase"]
[SourceDate "2005.09.01"]
[SourceVersion "1"]
[SourceVersionDate "2005.09.01"]
[SourceQuality "1"]

1. e4 d6 2. d4 Nf6 3. Nc3 g6 4. g3 Bg7 5. Bg2 0-0 6. Nge2 Nc6 7. 0-0 e5 8. dxe5 dxe5 9. Bg5 h6 10. Qxd8 Rxd8 11. Bxf6 Bxf6 12. Nd5 Kg7 13. Nxc7 Bg4 14. Nc3 Rac8 15. N7d5 Nd4 16. Nxf6 Kxf6 17. Nd5+ Kg7 18. c3 Nf3+ 19. Kh1 Nd2 20. Rfe1 Bf3 21. Bxf3 Nxf3 22. Re2 Ng5 23. Ne3 f6 24. Nf1 Rc4 25. Nd2 Rc7 26. h4 Rcd7 27. Nf1 Ne6 28. Kg2 Nc5 29. f3 Kf7 30. Rc1 Ke6 31. Ne3 f5 32. b4 Nd3 33. Rcc2 f4 34. Nd5 fxg3 35. Kxg3 Rf8 36. Rcd2 Nf4 37. Nxf4+ exf4+ 38. Kg4 Rc7 39. Rd3 Rfc8 40. Rc2 Rc4 41. a3 a5 42. Kxf4 axb4 43. axb4 Rxb4 44. cxb4 Rxc2 45. Rd5 Rc6 46. Rb5 b6 47. Rd5 Rc4 48. Rb5 Rc6 49. Re5+ Kd6 50. Re8 Rc4 51. Rg8 g5+ 52. hxg5 hxg5+ 53. Kxg5 Rxb4 54. Kf5 Rb5+ 55. Kf4 Rh5 56. Rd8+ Kc7 57. Rd2 b5 58. e5 Rh6 59. Kg5 Rb6 60. Kf5 b4 61. e6 b3 62. e7 Rb8 63. Kf6 Rh8 64. Kg7 1-0

[Event "Dubai op 7th"]
[Site "Dubai"]
[Date "2005.04.04"]
[Round "1"]
[White "Sai, Srinivas"]
[Black "Navara, David"]
[Result "1/2-1/2"]
[WhiteElo "2355"]
[BlackElo "2647"]
[PlyCount "138"]
[EventDate "2005.04.04"]
[EventType "swiss"]
[EventRounds "9"]
[EventCountry "UAE"]
[SourceTitle "CBM 105 Extra"]
[Source "ChessBase"]
[SourceDate "2005.05.01"]
[SourceVersion "1"]
[SourceVersionDate "2005.05.01"]
[SourceQuality "1"]

1. e4 c5 2. Nf3 Nc6 3. d4 cxd4 4. Nxd4 e6 5. Nb5 d6 6. c4 Nf6 7. N5c3 Be7 8. Be3 0-0 9. Be2 b6 10. 0-0 Bb7 11. Nd2 Rc8 12. Rc1 d5 13. cxd5 exd5 14. exd5 Nb4 15. Bg5 Nfxd5 16. Bxe7 Qxe7 17. Nxd5 Bxd5 18. Rxc8 Rxc8 19. a3 Nc6 20. Bf3 Be6 21. Qa4 Ne5 22. Qe4 Qd6 23. Nb1 Nxf3+ 24. Qxf3 h6 25. Rd1 Qe5 26. Nc3 Bb3 27. Rf1 Rd8 28. Qe3 Qxe3 29. fxe3 f6 30. Re1 Kf7 31. Kf2 Ke6 32. Re2 Ke5 33. Ke1 f5 34. Rd2 Rxd2 35. Kxd2 f4 36. exf4+ Kxf4 37. Ke2 Bc4+ 38. Kf2 g5 39. g3+ Ke5 40. Ke3 Bf1 41. b3 Bh3 42. Kd3 Bf5+ 43. Ke3 Be6 44. b4 Bd7 45. Kd3 Bh3 46. Ke3 Bf1 47. h4 gxh4 48. gxh4 Kf5 49. h5 Ke5 50. a4 a5 51. bxa5 bxa5 52. Nd1 Kd5 53. Nf2 Kc4 54. Ng4 Bh3 55. Nxh6 Kb4 56. Kf4 Be6 57. Ng4 Bf7 58. h6 Bg6 59. Ne5 Bh7 60. Kg5 Kxa4 61. Kf6 Kb5 62. Kg7 a4 63. Kxh7 a3 64. Nf3 a2 65. Nd4+ Ka4 66. Nc2 Kb3 67. Na1+ Kb2 68. Kg6 Kxa1 69. h7 Kb1 1/2-1/2

[Event "Asia-ch U14"]
[Site "Singapore"]
[Date "2004.12.14"]
[Round "5"]
[White "Sai, Srinivas"]
[Black "Tan, Shihao Sean"]
[Result "1-0"]
[WhiteElo "2237"]
[BlackElo "2091"]
[PlyCount "37"]
[EventDate "2004.12.11"]
[EventType "swiss"]
[EventRounds "9"]
[EventCountry "SIN"]
[SourceTitle "CBM 103 Extra"]
[Source "ChessBase"]
[SourceDate "2005.01.01"]
[SourceVersion "1"]
[SourceVersionDate "2005.01.01"]
[SourceQuality "1"]

1. Nf3 f5 2. e4 fxe4 3. Ng5 Nf6 4. d3 exd3 5. Bxd3 g6 6. h4 d5 7. h5 e5 8. hxg6 e4 9. Be2 Bf5 10. Nf7 hxg6 11. Nxh8 Bc5 12. g4 Qd6 13. gxf5 Bxf2+ 14. Kxf2 e3+ 15. Bxe3 Ne4+ 16. Kf1 Qg3 17. Bf3 Nc6 18. Bxe4 dxe4 19. Bf2 1-0

[Event "Asia-ch U14"]
[Site "Singapore"]
[Date "2004.12.13"]
[Round "4"]
[White "Nguyen, Viet Chung"]
[Black "Sai, Srinivas"]
[Result "1-0"]
[WhiteElo "2045"]
[BlackElo "2237"]
[PlyCount "101"]
[EventDate "2004.12.11"]
[EventType "swiss"]
[EventRounds "9"]
[EventCountry "SIN"]
[SourceTitle "CBM 103 Extra"]
[Source "ChessBase"]
[SourceDate "2005.01.01"]
[SourceVersion "1"]
[SourceVersionDate "2005.01.01"]
[SourceQuality "1"]

1. e4 c5 2. Nf3 d6 3. d4 cxd4 4. Nxd4 Nf6 5. Nc3 Nc6 6. Bg5 Bd7 7. Qd2 Rc8 8. f4 h6 9. Bxf6 gxf6 10. 0-0-0 Nxd4 11. Qxd4 Qa5 12. Kb1 Qc5 13. Qd3 e6 14. Be2 Bc6 15. Rhe1 Be7 16. f5 a6 17. fxe6 fxe6 18. Qh3 Qe5 19. Nd5 Bd7 20. Bh5+ Kf8 21. Nb6 Rc7 22. Bg4 Kf7 23. Bh5+ Kf8 24. Re3 Be8 25. Bxe8 Kxe8 26. Na4 h5 27. Nc3 Kf7 28. Ne2 Rc4 29. Qf3 Rg8 30. Nf4 Rc7 31. h4 Rg4 32. g3 Ke8 33. Nd3 Qb5 34. Nf2 Rg7 35. e5 dxe5 36. Qxh5+ Kf8 37. Ne4 Qa4 38. Rc1 Qd4 39. Rce1 Qa4 40. c3 Qe8 41. Qh8+ Rg8 42. Qh6+ Rg7 43. Ng5 fxg5 44. Qh8+ Rg8 45. Rf3+ Bf6 46. Rxf6+ Ke7 47. Qh6 Rc6 48. Qh7+ Kd6 49. Qxb7 e4 50. Rxe4 Kd5 51. Rexe6 1-0

[Event "Asia-ch U14"]
[Site "Singapore"]
[Date "2004.12.12"]
[Round "2"]
[White "Marwan, Abdulwahab"]
[Black "Sai, Srinivas"]
[Result "0-1"]
[WhiteElo "1985"]
[BlackElo "2237"]
[PlyCount "126"]
[EventDate "2004.12.11"]
[EventType "swiss"]
[EventRounds "9"]
[EventCountry "SIN"]
[SourceTitle "CBM 103 Extra"]
[Source "ChessBase"]
[SourceDate "2005.01.01"]
[SourceVersion "1"]
[SourceVersionDate "2005.01.01"]
[SourceQuality "1"]

1. e4 c5 2. Nf3 d6 3. d4 cxd4 4. Nxd4 Nf6 5. Nc3 Nc6 6. g3 Bg4 7. f3 Nxd4 8. fxg4 Nc6 9. g5 Nd7 10. Bc4 e6 11. Be3 a6 12. a3 Nde5 13. Ba2 Be7 14. h4 Rc8 15. Qe2 Na5 16. Bd4 Nac6 17. Be3 0-0 18. Rd1 Na5 19. Bd4 Qc7 20. 0-0 Nac4 21. Nb1 b5 22. b3 Na5 23. Rd2 Nac6 24. Be3 Nb8 25. Bf4 Nbd7 26. Rfd1 Rfd8 27. Rc1 Qc6 28. Rdd1 Rc7 29. c3 Rdc8 30. Kf1 Qb7 31. Rd4 Nc5 32. Re1 Ncd7 33. Bc1 Rc6 34. Red1 Qb8 35. Bb2 Bd8 36. Rc1 Bb6 37. Rdd1 Ba7 38. Nd2 Qb6 39. Kg2 Qe3 40. Qxe3 Bxe3 41. Rc2 Nf8 42. Nf1 Bb6 43. Rcd2 Bc7 44. Ne3 Nfd7 45. Kh3 Nc5 46. Nc2 Nxe4 47. Nb4 Nxd2 48. Nxc6 Ne4 49. Rd4 Nf2+ 50. Kg2 Nxc6 51. Kxf2 Nxd4 52. cxd4 Bb6 53. Bb1 e5 54. Ke3 Bxd4+ 55. Bxd4 exd4+ 56. Kxd4 Rc1 57. Be4 Kf8 58. h5 h6 59. gxh6 gxh6 60. g4 Ke7 61. Bf5 Kf6 62. Kd5 Rc3 63. Kxd6 Rxb3 0-1

[Event "Wch U20 43rd"]
[Site "Cochin"]
[Date "2004.11.29"]
[Round "12"]
[White "Smerdon, David"]
[Black "Sai, Srinivas"]
[Result "0-1"]
[WhiteElo "2425"]
[BlackElo "2237"]
[PlyCount "134"]
[EventDate "2004.11.20"]
[EventType "swiss"]
[EventRounds "13"]
[EventCountry "IND"]
[SourceTitle "CBM 103 Extra"]
[Source "ChessBase"]
[SourceDate "2005.01.01"]
[SourceVersion "1"]
[SourceVersionDate "2005.01.01"]
[SourceQuality "1"]

1. d4 Nf6 2. c4 g6 3. Nc3 d5 4. Nf3 Bg7 5. Bg5 Ne4 6. cxd5 Nxg5 7. Nxg5 e6 8. Qd2 h6 9. Nh3 exd5 10. Qe3+ Kf8 11. Nf4 c6 12. Qf3 Kg8 13. e3 Nd7 14. g4 Qe7 15. Rd1 Nf6 16. Rg1 h5 17. g5 Ne4 18. Ncxd5 cxd5 19. Nxd5 Qe8 20. Qf4 Bg4 21. f3 Rd8 22. Qxe4 Qxe4 23. fxe4 Bxd1 24. Kxd1 Kh7 25. Kd2 Rhe8 26. Kd3 Re6 27. Bh3 Ra6 28. a3 Bf8 29. Rc1 Rc6 30. Nf6+ Kg7 31. Rxc6 bxc6 32. Nd7 Bd6 33. e5 Be7 34. Nf6 Rb8 35. Kc3 a5 36. Bf1 Bd8 37. Nd7 Rb7 38. Nc5 Rb8 39. h4 Be7 40. Na4 Rc8 41. Nb6 Rb8 42. Nc4 a4 43. Bd3 Bd8 44. Bc2 Ra8 45. Kb4 Be7+ 46. Kc3 Bd8 47. Be4 Ra6 48. Bc2 Kf8 49. e4 Ke8 50. d5 Ba5+ 51. Kd4 Be1 52. dxc6 Bxh4 53. Nd6+ Kd8 54. Nxf7+ Ke7 55. c7 Rc6 56. Bxa4 Rxc7 57. e6 Bf2+ 58. Kd3 Kxe6 59. Bb3+ Ke7 60. Ne5 h4 61. Nxg6+ Ke8 62. Ke2 Bg3 63. Nh8 Kf8 64. Nf7 h3 65. Nd8 h2 66. Ne6+ Ke7 67. Nxc7 Bxc7 0-1

[Event "Wch U20 43rd"]
[Site "Cochin"]
[Date "2004.11.22"]
[Round "5"]
[White "D'Costa, Lorin AR"]
[Black "Sai, Srinivas"]
[Result "1-0"]
[WhiteElo "2358"]
[BlackElo "2237"]
[PlyCount "65"]
[EventDate "2004.11.20"]
[EventType "swiss"]
[EventRounds "13"]
[EventCountry "IND"]
[SourceTitle "CBM 103 Extra"]
[Source "ChessBase"]
[SourceDate "2005.01.01"]
[SourceVersion "1"]
[SourceVersionDate "2005.01.01"]
[SourceQuality "1"]

1. d4 Nf6 2. c4 g6 3. Nc3 d5 4. Nf3 Bg7 5. Bg5 Ne4 6. cxd5 Nxg5 7. Nxg5 e6 8. Qa4+ Kf8 9. Qb4+ Kg8 10. dxe6 fxe6 11. Nf3 Nc6 12. Qc4 Nxd4 13. 0-0-0 b5 14. Qc5 e5 15. e3 Bf5 16. Nxb5 h5 17. Bc4+ Kh7 18. exd4 Bh6+ 19. Nd2 a6 20. Nc3 exd4 21. Ne2 Qd6 22. Qa5 Qb6 23. Qa3 c5 24. Ng3 Bg4 25. f3 Bd7 26. Rhe1 Rhe8 27. Nge4 Bb5 28. Kb1 Rec8 29. g4 hxg4 30. fxg4 Be3 31. g5 Kg7 32. Rxe3 dxe3 33. Qc3+ 1-0